• 首页
  • 本馆介绍
  • 公告通知
  • 最新文献
  • 馆藏检索
  • 电子资源
  • 读者导购
  • 参考咨询
  • 我的图书馆
  • 登录
  • 详细信息显示
  • 放入我的书架
  • 预约/预借图书
  • 作者相关作品
  • 分类相关作品
  • 丛书相关作品
  • 出版社相关作品

书目信息

  • 表格格式
  • 工作单格式
  • 卡片格式
书名: Images of deviance and social control
作者: Stephen Pfohl.
分册号:
分册名:
出版地: New York :
 
出版社: McGraw-Hill
出版时间: c1994.
页数: xiv, 528 p. :
开本: 24 cm.
丛书名:
中图分类号:
科图分类号:
其他分类号: C91-09
主题词:
电子资源: http://www.loc.gov/catdir/description/mh022/93025803.html      http://www.loc.gov/catdir/toc/mh022/93025803.html     
000 01270pam a2200337 a 450
001 E0731537849
005 20070321084733.20
008 930609s1994 nyua b 001 0 eng
010    @a93025803
020    @a0070497656.
035    @A(DLC) 93025803
040    @aDLC@cDLC@dDLC
050 00 @aHM291@b.P4849 1994
082 00 @a302.5/42@2 20
090    @aC91-09
099    @dC91-09@ex51=2
100 1  @aPfohl, Stephen J.
245 10 @aImages of deviance and social control :@ba sociological history / @cStephen Pfohl.
250    @a2nd ed.
260    @aNew York :@bMcGraw-Hill,@cc1994.
300    @axiv, 528 p. :@bill. ;@c24 cm.
504    @aIncludes bibliographical references and index.
650  0 @aSocial control.
650  0 @aDeviant behavior.
650  0 @aPower (Social sciences)
650  0 @aDeviant behavior@xHistory.
856 42 @3 Publisher description@uhttp://www.loc.gov/catdir/description/mh022/93025803.html
856 41 @3 Table of contents@uhttp://www.loc.gov/catdir/toc/mh022/93025803.html
906    @a7@bcbc@corignew@d1@eocip@f19@gy-gencatlg
955    @apc17 to sa00 06-09-93; sc12 06-11-93; sc12/sc17 06-14-93; sc02 to DDC 06-15-93;aa03 6-17-93; CIP ver. pv07 10-20-93
991    @bc-GenColl@hHM291@i.P4849 1994@tCopy 1@wBOOKS
    
    Images of deviance and social control : : a sociological history / / Stephen Pfohl.-2nd ed.-New York : : McGraw-Hill, , c1994.
    xiv, 528 p. : : ill. ; ; 24 cm.
    Includes bibliographical references and index.
    
    ISBN 0070497656.
    
●
相关链接 在E读中查询图书 在五车中查询图书 在当当中查询图书 在豆瓣中查询图书


正题名:Images of deviance and social control     索取号:C91-09/x51=2         预约/预借

序号 登录号 条形码 馆藏地/架位号 状态 备注
1 0003162   300031622   第二样本阅览室/ [索取号:C91-09/x51=2] 在馆    
2 0003163   300031631   第四借阅区/ [索取号:C91-09/x51=2] 在馆    
3 0003164   300031640   第四借阅区/ [索取号:C91-09/x51=2] 在馆    
唐山师范学院图书馆 欢迎您!
大连网信软件有限公司© 版权所有